[Event "15. Bayer Open"]
[Site "Leverkusen"]
[Date "2017.01.16"]
[Round "2.8"]
[White "Scharff, Klaus"]
[Black "Peschel, Andreas"]
[Result "1/2-1/2"]
[WhiteElo "1880"]
[BlackElo "2157"]
[PlyCount "142"]
[EventDate "2017.??.??"]
[WhiteTeam "SV Opladen"]
[BlackTeam "SG Solingen"]

1. Nf3 Nf6 2. g3 d5 3. d3 Nc6 4. Bg2 e5 5. Nbd2 Bc5 6. O-O Bb6 7. e4 dxe4 8.
dxe4 O-O 9. c3 Bg4 10. h3 Bh5 11. g4 Bg6 12. Qe2 Re8 13. Rd1 Qe7 14. b3 Rad8
15. a4 Qd7 16. Ba3 Qd3 17. Qxd3 Rxd3 18. Ne1 Rd7 19. Nc4 Red8 20. Rxd7 Rxd7 21.
Nxb6 axb6 22. f3 Nd8 23. Bf1 Ne6 24. Nd3 Ne8 25. Nxe5 Rd2 26. Nc4 Rd8 27. Bc1
Nc5 28. Rb1 f6 29. Bf4 Bf7 30. Be3 Kf8 31. a5 Bxc4 32. Bxc4 Nd6 33. axb6 cxb6
34. Be2 Ra8 35. Rd1 Ke7 36. Bf4 Nf7 37. b4 Na4 38. Rc1 Rc8 39. Bb5 Nb2 40. Kf1
Nc4 41. Bxc4 Rxc4 42. Ke2 Rc6 43. c4 Ne5 44. Bxe5 fxe5 45. h4 Rc8 46. Ke3 Kd6
47. f4 exf4+ 48. Kxf4 Rf8+ 49. Ke3 Ra8 50. Rc3 Ra4 51. b5 Kc5 52. g5 g6 53. Kd3
Ra5 54. Ke3 Ra4 55. Kf3 Kd4 56. Rc1 Rxc4 57. Rxc4+ Kxc4 58. Kf4 Kxb5 59. Ke5
Kc5 60. Kf6 b5 61. e5 b4 62. e6 b3 63. e7 b2 64. e8=Q b1=Q 65. Kg7 b5 66. Kxh7
b4 67. Qc8+ Kd4 68. Qd7+ Ke5 69. Qc7+ Kd4 70. Qd6+ Ke3 71. Qg3+ Kd4 1/2-1/2

[Event "15. Bayer Open"]
[Site "Leverkusen"]
[Date "2017.01.16"]
[Round "2.9"]
[White "Wicht, Juergen"]
[Black "Schülke, Tilman"]
[Result "1/2-1/2"]
[WhiteElo "2178"]
[BlackElo "1864"]
[PlyCount "91"]
[EventDate "2017.??.??"]
[WhiteTeam "vereinslos"]
[BlackTeam "Düsseldorfer SV"]

1. d4 d6 2. Nf3 Bg4 3. Nbd2 e6 4. c3 Nd7 5. Qb3 Rb8 6. e3 d5 7. Bd3 Ngf6 8. O-O
c6 9. e4 dxe4 10. Nxe4 Bxf3 11. gxf3 Qb6 12. Bf4 Rc8 13. Nd6+ Bxd6 14. Bxd6
Qxb3 15. axb3 a6 16. b4 Nf8 17. Bf4 N8d7 18. Ra5 h6 19. Re1 O-O 20. Bf1 Nd5 21.
Bd2 Rcd8 22. c4 Ne7 23. Bc3 Rfe8 24. Bh3 Nf8 25. b5 axb5 26. cxb5 Nfg6 27. Ra7
Rd7 28. Bf1 Nh4 29. Be2 Nhf5 30. Rea1 Rb8 31. R1a4 Nd6 32. Ra8 Rdd8 33. Rxb8
Rxb8 34. Bb4 Ndf5 35. Bd2 Rd8 36. Bc3 Nd5 37. Ra7 Rb8 38. Bc4 Nh4 39. Bxd5 cxd5
40. b6 Nxf3+ 41. Kg2 Nh4+ 42. Kf1 g5 43. Bb4 Nf5 44. Bc5 f6 45. Ke2 Kf7 46. Kd3
1/2-1/2

[Event "15. Bayer Open"]
[Site "Leverkusen"]
[Date "2017.01.16"]
[Round "2.10"]
[White "Vranidis, Athanassios"]
[Black "Schalow, Daniel"]
[Result "1/2-1/2"]
[WhiteElo "1794"]
[BlackElo "2044"]
[PlyCount "135"]
[EventDate "2017.??.??"]
[WhiteTeam "SG Solingen"]
[BlackTeam "Langenfelder SF"]

1. d4 d5 2. c4 c6 3. Nf3 Nf6 4. Nc3 g6 5. e3 Bg7 6. cxd5 Nxd5 7. e4 Nb6 8. h3
O-O 9. Be2 Qc7 10. Qc2 N8d7 11. Be3 Nf6 12. Ne5 Ne8 13. Bf4 Nd6 14. O-O Be6 15.
Rfd1 Rfc8 16. Rac1 Qd8 17. Qb1 Qe8 18. b3 f6 19. Nd3 Nd7 20. Nc5 Nxc5 21. dxc5
Nf7 22. Bg4 Bxg4 23. hxg4 e5 24. Be3 Qe6 25. f3 Rd8 26. Qc2 Bf8 27. Rxd8 Rxd8
28. Rd1 Rxd1+ 29. Qxd1 Be7 30. Qd3 Kf8 31. Kf1 Ke8 32. Ke2 Nd8 33. Na4 Qd7 34.
Qxd7+ Kxd7 35. Kd3 Ne6 36. Kc4 Kc7 37. Nb2 b5+ 38. cxb6+ axb6 39. Nd3 b5+ 40.
Kc3 Bd6 41. a4 Kb7 42. axb5 cxb5 43. Nb4 Bxb4+ 44. Kxb4 Kc6 45. Kc3 g5 46. g3
Kd6 47. Kd3 Ke7 48. Kc3 Kd7 49. Kd3 Nd8 50. Kc3 Nc6 51. Bc5 Ke6 52. Kd3 Kf7 53.
Bb6 Kg6 54. Bf2 Kf7 55. Kc3 Ke6 56. Bc5 Kd7 57. Kd3 Nd8 58. Be3 Ne6 59. Kc3 Ng7
60. Kb4 Kc6 61. Bf2 h5 62. gxh5 Nxh5 63. Be1 Ng7 64. Bf2 Ne6 65. Kc3 Nd8 66.
Be3 Nf7 67. Bf2 Nh6 68. Be3 {und nach einigen weiteren Zügen:} 1/2-1/2

[Event "15. Bayer Open"]
[Site "Leverkusen"]
[Date "2017.01.16"]
[Round "2.11"]
[White "Reinemer, Frank"]
[Black "Birnkott, Manfred"]
[Result "1-0"]
[WhiteElo "2093"]
[BlackElo "1845"]
[PlyCount "93"]
[EventDate "2017.??.??"]
[WhiteTeam "Langenfelder SF"]
[BlackTeam "SC Bayer Leverkusen"]

1. g3 d5 2. f4 Nf6 3. Nf3 Nc6 4. Bg2 g6 5. O-O Bg7 6. d3 O-O 7. c3 Be6 8. h3
Qd7 9. Kh2 Rad8 10. Qe1 Ne8 11. Na3 Nd6 12. Nc2 f5 13. Be3 Bf7 14. Ncd4 Nxd4
15. Bxd4 Bxd4 16. cxd4 c6 17. Rc1 Qc7 18. Qd2 h6 19. Rc2 Kg7 20. Kg1 e6 21. Kf2
Bg8 22. Ke1 Qf7 23. Kd1 Qc7 24. Kc1 a5 25. Kb1 a4 26. Rfc1 Qb6 27. Rc5 Ra8 28.
Ne5 Rfc8 29. Qe3 Qd8 30. Nf3 Qf6 31. Qd2 Qd8 32. Qb4 Nb5 33. R1c2 Qa5 34. Rxb5
Qxb5 35. Qe7+ Bf7 36. Ne5 Rf8 37. Nd7 Rfe8 38. Qf6+ Kg8 39. Ne5 Rf8 40. Nxg6
Bxg6 41. Qxg6+ Kh8 42. Qxh6+ Kg8 43. Qxe6+ Kg7 44. Qe5+ Kg6 45. Bf3 Rae8 46.
Bh5+ Kxh5 47. Qg7 1-0

[Event "15. Bayer Open"]
[Site "Leverkusen"]
[Date "2017.01.16"]
[Round "2.12"]
[White "Kuhn, Andreas"]
[Black "Heller, Achim"]
[Result "0-1"]
[WhiteElo "1877"]
[BlackElo "2055"]
[PlyCount "60"]
[EventDate "2017.??.??"]
[WhiteTeam "SG Niederkassel"]
[BlackTeam "SG Ennepe-Ruhr-Süd"]

1. c4 c6 2. g3 d5 3. Nf3 Nf6 4. Bg2 Bf5 5. cxd5 cxd5 6. Qb3 Nc6 7. Qxb7 Bd7 8.
Qb3 e5 9. d3 Rb8 10. Qd1 Bb4+ 11. Nfd2 h5 12. h4 e4 13. O-O Ng4 14. dxe4 Bc5
15. Nb3 Bb6 16. Bf4 Rc8 17. exd5 Ne7 18. Nd4 Ng6 19. Qd2 Qf6 20. Rd1 Nxf4 21.
Qxf4 Qxf4 22. gxf4 Bxd4 23. Rxd4 Rc1+ 24. Bf1 Nf6 25. Kg2 Bf5 26. f3 Bxb1 27.
e4 Rc2+ 28. Kg3 Rxb2 29. Bc4 Rh6 30. e5 Rg6+ 0-1

[Event "15. Bayer Open"]
[Site "Leverkusen"]
[Date "2017.01.16"]
[Round "2.13"]
[White "Esser, Michael"]
[Black "Alexopoulos, Spiros Orestis"]
[Result "1/2-1/2"]
[WhiteElo "1993"]
[BlackElo "1896"]
[PlyCount "80"]
[EventDate "2017.??.??"]
[WhiteTeam "SC Bayer Leverkusen"]
[BlackTeam "Aachener SV"]

1. e4 d5 2. Nc3 Nf6 3. e5 Nfd7 4. d4 e6 5. f4 c5 6. Nf3 Nc6 7. Be3 a6 8. Be2
Be7 9. dxc5 Bxc5 10. Qd2 b5 11. Bxc5 Nxc5 12. O-O Qb6 13. Kh1 b4 14. Nd1 Ne4
15. Qe1 b3 16. c3 bxa2 17. Rxa2 a5 18. b4 Bb7 19. b5 Ne7 20. Nd4 Nf5 21. Ra4
O-O 22. g4 Nxd4 23. cxd4 Rfc8 24. f5 Qc7 25. Bd3 Nc3 26. Nxc3 Qxc3 27. Qxc3
Rxc3 28. Rd1 Rb3 29. fxe6 fxe6 30. Kg2 Bc8 31. Raa1 a4 32. Rab1 Rxb1 33. Rxb1
a3 34. Kf2 a2 35. Ra1 Bd7 36. Ke3 Kf7 37. Kd2 g6 38. Kc2 Rb8 39. Rxa2 Bxb5 40.
Ra7+ Kg8 1/2-1/2

[Event "15. Bayer Open"]
[Site "Leverkusen"]
[Date "2017.01.16"]
[Round "2.14"]
[White "Kaspar, Uwe"]
[Black "Ljuboschiz, Alexander"]
[Result "1-0"]
[WhiteElo "1835"]
[BlackElo "1991"]
[PlyCount "69"]
[EventDate "2017.??.??"]
[WhiteTeam "Düsseldorfer SK"]
[BlackTeam "SC Tornado Hochneukirch"]

1. Nf3 Nf6 2. g3 g6 3. Bg2 Bg7 4. O-O d6 5. c4 O-O 6. Nc3 e5 7. d3 Nc6 8. a3 h6
9. b4 e4 10. Ne1 exd3 11. Nxd3 Re8 12. Bb2 Bf5 13. Re1 Ne4 14. Nxe4 Bxe4 15.
Bxe4 Rxe4 16. Bxg7 Kxg7 17. c5 Qf6 18. cxd6 cxd6 19. Nf4 Rae8 20. Rc1 h5 21. e3
h4 22. Qg4 R4e5 23. Red1 hxg3 24. hxg3 Rg5 25. Qe2 Ne5 26. Kg2 Rd8 27. Rh1 Qf5
28. Rh4 Rc8 29. e4 Qd7 30. Rch1 Kf8 31. Nd5 Rh5 32. Rxh5 gxh5 33. Qxh5 Ng6 34.
Qh6+ Ke8 35. Qh8+ 1-0

[Event "15. Bayer Open"]
[Site "Leverkusen"]
[Date "2017.01.16"]
[Round "2.15"]
[White "Kesseler, Heiko"]
[Black "Schmuck, Markus"]
[Result "1/2-1/2"]
[WhiteElo "2099"]
[BlackElo "1910"]
[PlyCount "131"]
[EventDate "2017.??.??"]
[WhiteTeam "Düsseldorfer SK"]
[BlackTeam "SG Solingen"]

1. e4 c6 2. Nc3 d5 3. Nf3 Bg4 4. Be2 Nf6 5. h3 Bxf3 6. Bxf3 dxe4 7. Nxe4 e5 8.
O-O Be7 9. d3 O-O 10. Nxf6+ Bxf6 11. Re1 Nd7 12. Bd2 Re8 13. Bc3 Nb6 14. a4 Nd5
15. Bd2 Qd6 16. a5 Rad8 17. Ra4 g6 18. Qc1 Bh8 19. Bg5 f6 20. Bd2 f5 21. Bg5
Bf6 22. g3 Bxg5 23. Qxg5 Qe7 24. Qh6 Qg7 25. Qg5 Qe7 26. Qh6 Qg7 27. Qc1 Re7
28. h4 Rc8 29. a6 b5 30. Bxd5+ cxd5 31. Rb4 Rb8 32. c4 dxc4 33. dxc4 Rc7 34.
Qd2 Rxc4 35. Qd5+ Qf7 36. Qxc4 Qxc4 37. Rxc4 bxc4 38. Rxe5 Rxb2 39. Rc5 Ra2 40.
Rc8+ Kg7 41. Rc7+ Kg8 42. Rxa7 c3 43. Rc7 Rxa6 44. Rxc3 Ra7 45. Kg2 Kg7 46. Rc6
Rd7 47. Kh3 Ra7 48. Re6 Kf7 49. Rb6 Kg7 50. Kg2 Rc7 51. Kh3 Ra7 52. h5 Kh6 53.
hxg6 hxg6 54. Rc6 Rb7 55. Rc8 Rb2 56. Kg2 Rb7 57. Rh8+ Kg7 58. Rh4 Rb3 59. Rc4
Rb6 60. Kf3 Kf6 61. Kf4 Ra6 62. Rb4 Rc6 63. Ke3 Re6+ 64. Kf3 Ra6 65. Kf4 Rc6
66. Ra4 1/2-1/2

[Event "15. Bayer Open"]
[Site "Leverkusen"]
[Date "2017.01.16"]
[Round "2.16"]
[White "Beyer, Fabian"]
[Black "Bär, Marco"]
[Result "0-1"]
[WhiteElo "1694"]
[BlackElo "2101"]
[PlyCount "106"]
[EventDate "2017.??.??"]
[WhiteTeam "SG Solingen"]
[BlackTeam "SC Bayer Leverkusen"]

1. Nf3 d5 2. d4 e6 3. Bf4 Bd6 4. Bg5 f6 5. Bh4 Ne7 6. Nbd2 Ng6 7. Bg3 e5 8.
dxe5 fxe5 9. e4 d4 10. Bc4 Nc6 11. a3 Qe7 12. Qe2 Be6 13. Bxe6 Qxe6 14. Qc4
Qxc4 15. Nxc4 h6 16. O-O Ke7 17. Rfe1 b5 18. Nxd6 cxd6 19. Rac1 Na5 20. Nd2
Rac8 21. c3 dxc3 22. Rxc3 Rxc3 23. bxc3 Rc8 24. Rc1 Nc4 25. Nxc4 Rxc4 26. f3
Kd7 27. Kf1 Ra4 28. Ra1 Kc6 29. Ke2 Nf8 30. Kd3 Ne6 31. Kc2 Rc4 32. Rb1 a5 33.
Bf2 Nf4 34. Re1 b4 35. axb4 axb4 36. Re3 Nxg2 37. Rd3 Nf4 38. Re3 bxc3 39. Rxc3
Rxc3+ 40. Kxc3 d5 41. exd5+ Kxd5 42. Kd2 Ke6 43. Ke3 Kf5 44. Bg3 Nd5+ 45. Kd3
g5 46. Ke2 h5 47. Be1 Nf4+ 48. Kf1 g4 49. fxg4+ Kxg4 50. Bc3 e4 51. Be5 Nd3 52.
Bc7 Kf3 53. Ba5 e3 0-1

[Event "15. Bayer Open"]
[Site "Leverkusen"]
[Date "2017.01.16"]
[Round "2.17"]
[White "Lindam, Ingo"]
[Black "Kamphausen, Johannes-Dieter"]
[Result "1/2-1/2"]
[WhiteElo "2071"]
[BlackElo "1728"]
[PlyCount "64"]
[EventDate "2017.??.??"]
[WhiteTeam "Kölner SK Dr. Lasker"]
[BlackTeam "SV Springer Hitdorf"]

1. Nf3 d5 2. d4 Nf6 3. c4 e6 4. g3 Nc6 5. Bg2 dxc4 6. Qa4 Bb4+ 7. Bd2 Nd5 8.
Ne5 Bd7 9. Nxd7 Qxd7 10. e3 a6 11. Nc3 Bxc3 12. bxc3 b5 13. Qa3 Qe7 14. Qxe7+
Ncxe7 15. e4 Nb6 16. Bf4 Rc8 17. Kd2 O-O 18. Kc2 Rfd8 19. Rhd1 c6 20. Bc1 Ng6
21. h4 c5 22. h5 Nf8 23. Bg5 f6 24. dxc5 Na4 25. Be3 Nd7 26. c6 Ndc5 27. Rd4
Nd3 28. Bh3 Nac5 29. Rxd8+ Rxd8 30. Bxc5 Nxc5 31. Rd1 Rc8 32. Rd6 Kf7 {
Restliche Notation unleserlich.} 1/2-1/2

[Event "15. Bayer Open"]
[Site "Leverkusen"]
[Date "2017.01.16"]
[Round "2.18"]
[White "Hansel, Rainer"]
[Black "Neubauer, Jürgen"]
[Result "0-1"]
[WhiteElo "1906"]
[BlackElo "1981"]
[PlyCount "66"]
[EventDate "2017.??.??"]
[WhiteTeam "SF Köln-Longerich"]
[BlackTeam "SK Turm Euskirchen"]

1. d4 d5 2. c4 e6 3. Nc3 c5 4. cxd5 exd5 5. Nf3 Be6 6. g3 Nc6 7. Bg2 Rc8 8. O-O
c4 9. Re1 Be7 10. Ne5 Nf6 11. Nxc4 dxc4 12. d5 Nxd5 13. Nxd5 O-O 14. Nf4 b5 15.
Nxe6 fxe6 16. Be3 a5 17. Qc2 Bf6 18. Rad1 Qe7 19. a3 e5 20. Rd5 Nd4 21. Qe4 b4
22. f4 Ne6 23. fxe5 Bg5 24. Rxa5 c3 25. bxc3 bxc3 26. Ra7 Bxe3+ 27. Qxe3 Qc5
28. Qxc5 Rxc5 29. Ra6 Nd4 30. e6 c2 31. e7 Re8 32. Rf1 c1=Q 33. Bd5+ Rxd5 0-1

[Event "15. Bayer Open"]
[Site "Leverkusen"]
[Date "2017.01.16"]
[Round "2.19"]
[White "Pützkaul, Karl"]
[Black "Wille, Thomas"]
[Result "0-1"]
[WhiteElo "1687"]
[BlackElo "2013"]
[PlyCount "56"]
[EventDate "2017.??.??"]
[WhiteTeam "SC Bayer Leverkusen"]
[BlackTeam "Velberter SG"]

1. Nf3 c5 2. e4 e6 3. d3 Nc6 4. Nbd2 b6 5. g3 g6 6. Bg2 Bb7 7. O-O Bg7 8. Re1
e5 9. Nf1 Nge7 10. h4 h6 11. c4 O-O 12. a3 d6 13. Rb1 a5 14. Bd2 Bc8 15. Qc1
Kh7 16. Ne3 Nd4 17. Nxd4 exd4 18. Nf1 Ra7 19. Bf4 Nc6 20. Qd2 f6 21. Qe2 Re7
22. Qd1 g5 23. hxg5 fxg5 24. Bxg5 hxg5 25. Qh5+ Kg8 26. e5 Nxe5 27. Be4 Bf5 28.
Qxg5 Bxe4 0-1

[Event "15. Bayer Open"]
[Site "Leverkusen"]
[Date "2017.01.16"]
[Round "2.20"]
[White "Werbeck, Torsten"]
[Black "Meul, Willi"]
[Result "1-0"]
[WhiteElo "2051"]
[BlackElo "1740"]
[PlyCount "59"]
[EventDate "2017.??.??"]
[WhiteTeam "Bahn-SC Wuppertal"]
[BlackTeam "SV Hürth-Berrenrath"]

1. d4 d5 2. Nf3 Nf6 3. c4 e6 4. Nc3 b6 5. Bg5 Be7 6. g3 Nbd7 7. Bg2 Bb7 8. Ne5
Ne4 9. Bxe7 Qxe7 10. Qa4 Nxc3 11. bxc3 f6 12. Nd3 O-O 13. O-O c5 14. cxd5 exd5
15. Nf4 Qd6 16. Qa3 Rfe8 17. c4 f5 18. Nxd5 Rxe2 19. Qd3 Rae8 20. dxc5 Nxc5 21.
Qxf5 R8e5 22. Qg4 h5 23. Qh4 b5 24. Rad1 Qf8 25. Nc3 Bxg2 26. Kxg2 Rc2 27. Rd8
Re8 28. Rxe8 Qxe8 29. Nxb5 Qe2 30. Nd4 1-0

[Event "15. Bayer Open"]
[Site "Leverkusen"]
[Date "2017.01.16"]
[Round "2.22"]
[White "Hoffmann, Frank"]
[Black "Moors, Christoph"]
[Result "0-1"]
[WhiteElo "1806"]
[BlackElo "1938"]
[PlyCount "24"]
[EventDate "2017.??.??"]
[WhiteTeam "SV Springer Hitdorf"]
[BlackTeam "Düsseldorfer SK"]

1. e4 e5 2. Nf3 Nc6 3. Nc3 Nf6 4. Bc4 Nxe4 5. Bxf7+ Kxf7 6. Nxe4 Be7 7. d3 Rf8
8. O-O Kg8 9. h3 d6 10. c3 Kh8 11. Be3 d5 12. Ned2 d4 0-1

[Event "15. Bayer Open"]
[Site "Leverkusen"]
[Date "2017.01.16"]
[Round "2.23"]
[White "Glaser, Steffen"]
[Black "Reif, Frank"]
[Result "1-0"]
[WhiteElo "2033"]
[BlackElo "1758"]
[PlyCount "95"]
[EventDate "2017.??.??"]
[WhiteTeam "vereinslos"]
[BlackTeam "TV Witzhelden"]

1. e4 e5 2. Nf3 Nc6 3. Bb5 a6 4. Bxc6 dxc6 5. O-O f6 6. d4 exd4 7. Nxd4 c5 8.
Ne2 Qxd1 9. Rxd1 Bd7 10. Bf4 O-O-O 11. Nbc3 Ne7 12. Bg3 g5 13. Nd5 Nxd5 14.
Rxd5 Be7 15. Rad1 Bc6 16. Rxd8+ Rxd8 17. Rxd8+ Kxd8 18. f3 Kd7 19. Kf2 Bd6 20.
Ke3 Ke6 21. f4 h6 22. h4 Kd7 23. hxg5 hxg5 24. f5 Bb5 25. Bxd6 cxd6 26. Nc3 Bc6
27. Kf3 Ke7 28. b3 b5 29. a4 c4 30. axb5 axb5 31. bxc4 bxc4 32. Nd5+ Kf7 33.
Ke3 Ba4 34. Kd2 Kg7 35. Nc3 Be8 36. Ke3 Bf7 37. Kd4 g4 38. Nb5 g3 39. Nxd6 Bh5
40. Nxc4 Kh6 41. e5 fxe5+ 42. Kxe5 Kg5 43. Ne3 Bf7 44. c4 Be8 45. c5 Bc6 46. f6
Kg6 47. Kd6 Be4 48. Ke7 1-0

[Event "15. Bayer Open"]
[Site "Leverkusen"]
[Date "2017.01.16"]
[Round "2.24"]
[White "Rudolph, Eva"]
[Black "Reuter, Michael"]
[Result "0-1"]
[WhiteElo "1680"]
[BlackElo "2030"]
[PlyCount "70"]
[EventDate "2017.??.??"]
[WhiteTeam "Düsseldorfer SK"]
[BlackTeam "Langenfelder SF"]

1. e4 c6 2. d4 d5 3. e5 c5 4. c3 Nc6 5. Nf3 Bg4 6. Be2 e6 7. Nbd2 cxd4 8. cxd4
Qb6 9. h3 Bf5 10. Nf1 Nge7 11. Ne3 Be4 12. Ng5 Qxd4 13. Qxd4 Nxd4 14. Nxe4 dxe4
15. Bd2 Nec6 16. Bc3 Bb4 17. Bd1 Nxe5 18. O-O Bxc3 19. bxc3 Ndc6 20. Bc2 f5 21.
Rab1 b6 22. Rfd1 Ke7 23. Kf1 Rac8 24. Rb3 Rc7 25. Bb1 Na5 26. Rb5 Nec4 27. Nxc4
Rxc4 28. Rc1 Rhc8 29. Rb2 Rxc3 30. Rxc3 Rxc3 31. Ke2 Nc4 32. Rb4 Rc1 33. Rb3
Kd6 34. g3 Kc5 35. f3 exf3+ 0-1

[Event "15. Bayer Open"]
[Site "Leverkusen"]
[Date "2017.01.16"]
[Round "2.25"]
[White "Hennig, Edgar Paul"]
[Black "Gnass, Arno"]
[Result "1-0"]
[WhiteElo "1849"]
[BlackElo "1658"]
[PlyCount "93"]
[EventDate "2017.??.??"]
[WhiteTeam "Satranç Club"]
[BlackTeam "Bergische SF"]

1. e4 c6 2. d4 d5 3. exd5 cxd5 4. Bd3 Nc6 5. c3 Nf6 6. Bf4 Bg4 7. Qb3 Qd7 8.
Nd2 e6 9. Ngf3 Bxf3 10. Nxf3 Bd6 11. Bxd6 Qxd6 12. O-O O-O 13. Rfe1 a5 14. a4
Rfc8 15. Qd1 Ne7 16. Qd2 Ng6 17. Ne5 Nd7 18. f4 Rc7 19. Qf2 Rf8 20. Re3 Nf6 21.
Rae1 Qb6 22. h3 Qb3 23. Nxg6 hxg6 24. Qc2 Qxc2 25. Bxc2 Rc6 26. R1e2 Rb6 27.
Bd3 Ne8 28. Kf2 Nd6 29. g4 Nc4 30. Bxc4 dxc4 31. Re5 Ra8 32. Rc5 Rc6 33. Ree5
f6 34. Rxa5 Rca6 35. Rxa6 Rxa6 36. Rb5 Rxa4 37. Rxb7 f5 38. gxf5 gxf5 39. Kg3
Kh7 40. Rb6 Ra2 41. Kh4 g6 42. Kg5 Ra1 43. Rb7+ Kh8 44. Kxg6 Rg1+ 45. Kf6 Rg3
46. Kxe6 Rxh3 47. Kxf5 1-0

[Event "15. Bayer Open"]
[Site "Leverkusen"]
[Date "2017.01.16"]
[Round "2.26"]
[White "Arlt, Klaus"]
[Black "Antar Badal, Azadi"]
[Result "1/2-1/2"]
[WhiteElo "1997"]
[BlackElo "1683"]
[PlyCount "68"]
[EventDate "2017.??.??"]
[WhiteTeam "Ford SF Köln"]
[BlackTeam "Königsspringer Leverkusen"]

1. Nf3 d5 2. d4 Nc6 3. Bf4 Bf5 4. Nbd2 Nb4 5. e4 dxe4 6. Nh4 e6 7. Nxf5 exf5 8.
d5 Nf6 9. Bb5+ c6 10. dxc6 Nxc6 11. Qe2 Bb4 12. Bxc6+ bxc6 13. Qc4 Qb6 14. a3
Ng4 15. O-O Bc5 16. Qe2 Qxb2 17. Nxe4 fxe4 18. Qxe4+ Kf8 19. Qxc6 Bxf2+ 20. Kh1
Rd8 21. Bc7 Qd4 22. Bxd8 Qxd8 23. Rad1 Qb8 24. g3 g6 25. Qf3 f5 26. Rxf2 Nxf2+
27. Qxf2 Qb7+ 28. Kg1 Kf7 29. Qd4 Re8 30. Kf2 Qb6 31. c4 Qxd4+ 32. Rxd4 Ke6 33.
Ke3 Rb8 34. Rd3 g5 1/2-1/2

[Event "15. Bayer Open"]
[Site "Leverkusen"]
[Date "2017.01.16"]
[Round "2.28"]
[White "Lasser, Rene"]
[Black "Arnold, Bodo"]
[Result "1-0"]
[WhiteElo "1398"]
[BlackElo "1623"]
[PlyCount "67"]
[EventDate "2017.??.??"]
[WhiteTeam "Königsspringer Leverkusen"]
[BlackTeam "SF Schlebusch"]

1. e4 e5 2. Nf3 Nc6 3. d4 exd4 4. Nxd4 Nxd4 5. Qxd4 b6 6. Bd3 Nf6 7. e5 Bc5 8.
Qh4 Qe7 9. Bf4 Nd5 10. Qxe7+ Nxe7 11. Nd2 Bb7 12. Nb3 Ng6 13. Nxc5 Bxg2 14.
Bxg6 Bxh1 15. Be4 Bxe4 16. Nxe4 h6 17. O-O-O O-O-O 18. Nc3 Rhe8 19. Nb5 Kb7 20.
a4 a6 21. Nc3 Re6 22. Bg3 f6 23. f4 f5 24. Bh4 g5 25. fxg5 hxg5 26. Bxg5 Rg8
27. h4 Kc6 28. b4 b5 29. Nd5 Rg7 30. a5 Rf7 31. Bf4 Rh7 32. Bg5 Rxe5 33. Nf4 d6
34. h5 1-0

[Event "15. Bayer Open"]
[Site "Leverkusen"]
[Date "2017.01.16"]
[Round "2.29"]
[White "Negele, Michael"]
[Black "Multhauf, Stefan"]
[Result "1-0"]
[WhiteElo "2137"]
[BlackElo "1661"]
[PlyCount "41"]
[EventDate "2017.??.??"]
[WhiteTeam "SC Bayer Leverkusen"]
[BlackTeam "Königsspringer Leverkusen"]

1. e4 d5 2. d4 e6 3. Nc3 dxe4 4. Nxe4 Bd7 5. Nf3 Bc6 6. Bd3 Bxe4 7. Bxe4 c6 8.
c3 Nd7 9. O-O Ngf6 10. Bc2 Bd6 11. Re1 Qc7 12. Qe2 O-O-O 13. Ne5 Bxe5 14. dxe5
Nd5 15. Bd2 h6 16. c4 Ne7 17. b4 g5 18. Bc3 Ng6 19. a4 c5 20. b5 b6 21. a5 1-0

[Event "15. Bayer Open"]
[Site "Leverkusen"]
[Date "2017.01.16"]
[Round "2.30"]
[White "Gülsen, Taylan"]
[Black "Yon, Gregory"]
[Result "1-0"]
[WhiteElo "2040"]
[BlackElo "1520"]
[PlyCount "97"]
[EventDate "2017.??.??"]
[WhiteTeam "SG Niederkassel"]
[BlackTeam "Bergische SF"]

1. d4 d5 2. c4 e6 3. Nc3 Nf6 4. Nf3 Nc6 5. Bg5 Be7 6. e3 h6 7. Bh4 O-O 8. Bd3
dxc4 9. Bxc4 a6 10. a4 Rb8 11. O-O Bd7 12. Qe2 Nh7 13. Bg3 Ng5 14. Nd2 Re8 15.
f4 Nh7 16. Nf3 Nf6 17. Bh4 Nd5 18. Bxe7 Ndxe7 19. e4 Ng6 20. g3 Kh8 21. Rad1
Na5 22. Bd3 f5 23. Ne5 Nxe5 24. dxe5 Qe7 25. exf5 exf5 26. Qf2 Be6 27. Be2 Nc6
28. Bf3 Bc4 29. Rfe1 Nb4 30. Nd5 Nxd5 31. Bxd5 Bxd5 32. Rxd5 Rbd8 33. Red1 Rxd5
34. Rxd5 Rd8 35. Qd4 Rxd5 36. Qxd5 g5 37. e6 g4 38. Qxf5 Qg7 39. Kf1 Qxb2 40.
Qxg4 Qc1+ 41. Kg2 Qc2+ 42. Kh3 Qxa4 43. Qg6 c5 44. Qxh6+ Kg8 45. Qg5+ Kh7 46.
f5 Qc4 47. e7 Qf1+ 48. Kh4 Qc4+ 49. g4 1-0

[Event "15. Bayer Open"]
[Site "Leverkusen"]
[Date "2017.01.16"]
[Round "2.31"]
[White "Kayser, Manfred"]
[Black "Kies, Werner"]
[Result "0-1"]
[WhiteElo "1484"]
[BlackElo "1862"]
[PlyCount "98"]
[EventDate "2017.??.??"]
[WhiteTeam "Königsspringer Leverkusen"]
[BlackTeam "SC Bayer Leverkusen"]

1. d4 g6 2. c4 Bg7 3. Nf3 d6 4. Nc3 Nc6 5. e3 e5 6. d5 Nce7 7. e4 f5 8. Be2 Nf6
9. Nd2 O-O 10. O-O f4 11. h3 h6 12. Nf3 g5 13. Nh2 Bd7 14. Bg4 Nxg4 15. hxg4 a6
16. f3 Qe8 17. b3 h5 18. Bb2 hxg4 19. fxg4 Ng6 20. Ba3 b6 21. b4 Rf6 22. Rc1
Nh4 23. Rc2 Bf8 24. Rcf2 Rb8 25. Bc1 Be7 26. Bd2 Kg7 27. a4 Qg6 28. Be1 Rh8 29.
Rc2 Qh7 30. g3 fxg3 31. Bxg3 Ng6 32. Rxf6 Bxf6 33. Qf1 Nf4 34. a5 bxa5 35. b5
axb5 36. cxb5 Ra8 37. Qc4 Bd8 38. Rb2 Qh3 39. Bxf4 exf4 40. Na4 Bxg4 41. Nxg4
Qxg4+ 42. Rg2 Qd1+ 43. Kh2 Be7 44. Rxg5+ Bxg5 45. Qxc7+ Kg6 46. Qxd6+ Bf6 47.
Qxf4 Rh8+ 48. Kg2 Qh1+ 49. Kf2 Rh2+ 0-1

[Event "15. Bayer Open"]
[Site "Leverkusen"]
[Date "2017.01.16"]
[Round "2.32"]
[White "Ziabari, Morteza"]
[Black "Esser, Heinz"]
[Result "1-0"]
[WhiteElo "1813"]
[BlackElo "1355"]
[PlyCount "69"]
[EventDate "2017.??.??"]
[WhiteTeam "Kettwiger SG"]
[BlackTeam "SV Dormagen"]

1. e4 c5 2. Nf3 d6 3. Bc4 Nf6 4. Nc3 g6 5. e5 dxe5 6. Nxe5 e6 7. d3 Bg7 8. Bg5
Nbd7 9. f4 Qa5 10. O-O b5 11. Nxb5 Qb6 12. Qf3 Rb8 13. a4 a5 14. Rae1 O-O 15.
Qh3 h5 16. Qh4 Nxe5 17. fxe5 Nd5 18. c3 Rb7 19. Nd6 Rd7 20. Bb5 Rxd6 21. exd6
Qxd6 22. c4 Nb4 23. Be7 Qxd3 24. Bxf8 Bxf8 25. Qf2 f5 26. Re3 Qd4 27. Rg3 Kf7
28. Qxd4 cxd4 29. Rd1 Bg7 30. c5 f4 31. Rf3 g5 32. h4 e5 33. hxg5 Bg4 34. c6 e4
35. Rxf4+ 1-0

[Event "15. Bayer Open"]
[Site "Leverkusen"]
[Date "2017.01.16"]
[Round "2.33"]
[White "Haag, Helmut"]
[Black "Asadzade, Idris"]
[Result "0-1"]
[WhiteElo "1427"]
[BlackElo "1770"]
[PlyCount "52"]
[EventDate "2017.??.??"]
[WhiteTeam "Langenfelder SF"]
[BlackTeam "Königsspringer Leverkusen"]

1. d4 Nf6 2. c4 c5 3. Nf3 e6 4. e3 cxd4 5. exd4 d5 6. c5 Be7 7. Be2 O-O 8. O-O
Nc6 9. a3 a5 10. Nc3 b6 11. Be3 bxc5 12. dxc5 Bb7 13. Rb1 e5 14. Na4 d4 15. Bg5
e4 16. Bxf6 Bxf6 17. Nd2 Ne5 18. f4 Ng6 19. Bg4 e3 20. Nc4 Be4 21. Rc1 Qc7 22.
g3 Rad8 23. Bf3 Bxf3 24. Rxf3 Rfe8 25. Qd3 Qc6 26. Kg2 Qxa4 0-1

[Event "15. Bayer Open"]
[Site "Leverkusen"]
[Date "2017.01.16"]
[Round "2.34"]
[White "Axmann, Michael"]
[Black "Diaubalick, Ulrich"]
[Result "1-0"]
[WhiteElo "1701"]
[BlackElo "1476"]
[PlyCount "82"]
[EventDate "2017.??.??"]
[WhiteTeam "SC Bayer Leverkusen"]
[BlackTeam "SF Düsseldorf-Süd"]

1. d4 Nf6 2. Nf3 g6 3. c4 Bg7 4. Nc3 d6 5. e4 Nbd7 6. Be2 a6 7. O-O O-O 8. Qc2
b6 9. Bg5 Qe8 10. h3 e5 11. d5 Nc5 12. b4 Nb7 13. Qd2 Nh5 14. Rae1 a5 15. a3 f5
16. exf5 Bxf5 17. g4 Nf4 18. Bxf4 Bxg4 19. hxg4 Rxf4 20. Nh2 Qf8 21. Bd3 Bh6
22. Qe2 axb4 23. axb4 Re8 24. Ne4 Qe7 25. f3 Ref8 26. Qf2 Nd8 27. Qg2 R4f7 28.
g5 Bg7 29. Kh1 Rf4 30. Rg1 Rh4 31. Qg3 Rhf4 32. Ref1 Qf7 33. Nf2 e4 34. Bxe4
Be5 35. Qh3 Qg7 36. Nd3 Bd4 37. Rg4 R4f7 38. Rh4 Be3 39. Qg3 Qd4 40. Bxg6 Bf4
41. Bxf7+ Rxf7 1-0